Diccionari de la llengua catalana : ab la correspondencia castellana y llatina / per Pere Labernia ab la correspondencia castellana y llatina / per Pere Labernia
Descripción Física:
2 v. (988, 1040, 7 p.) ; 24 cm
MARC
| LEADER | 00000nam a2200000Ia 4500 | ||
|---|---|---|---|
| 001 | 14587, 14588 | ||
| 008 | 160829s1839 - 1840 xx 000 0 cat d | ||
| 080 | |a O-1-122, O-1-123 | ||
| 100 | |a Labernia, Pere |9 30115 | ||
| 245 | |a Diccionari de la llengua catalana : |b ab la correspondencia castellana y llatina / per Pere Labernia | ||
| 260 | |a Barcelona : |b Estampa dels Hereus de la V. Pla, |c 1839 - 1840 | ||
| 300 | |a 2 v. (988, 1040, 7 p.) ; |c 24 cm | ||
| 650 | |a Català |x Diccionaris |9 25552 | ||
| 650 | |a Català |x Diccionaris |x Castellà |9 30116 | ||
| 650 | |a Català |x Diccionaris |x Llatí |9 30117 | ||
| 901 | |a Arxiu | ||
| 942 | |n 1 | ||
| 952 | |0 0 |1 0 |4 0 |6 O1122_O1123 |7 1 |9 45273 |a Arxiu |b Arxiu |d 2016-12-01 |l 0 |o O-1-122, O-1-123 |p 14587, 14588 |r 2016-12-01 00:00:00 |w 2016-12-01 |y ARXIU | ||
| 999 | |c 48347 |d 48347 | ||